Connected nations 2015 (Record no. 115643)

MARC details
000 -LEADER
fixed length control field 01025cam a22002535a 4500
001 - CONTROL NUMBER
control field L159045
008 - FIXED-LENGTH DATA ELEMENTS--GENERAL INFORMATION
fixed length control field 151216s2015 xxk f 000 0 eng d
035 ## - SYSTEM CONTROL NUMBER
System control number (Sirsi) u159045
041 0# - LANGUAGE CODE
Language code of text/sound track or separate title eng
110 2# - MAIN ENTRY--CORPORATE NAME
Corporate name or jurisdiction name as entry element Ofcom
9 (RLIN) 6171
245 00 - TITLE STATEMENT
Title Connected nations 2015
Medium [electonic resource]
260 ## - PUBLICATION, DISTRIBUTION, ETC.
Place of publication, distribution, etc. [S.l.]
Name of publisher, distributor, etc. Ofcom
Date of publication, distribution, etc. 2015
520 ## - SUMMARY, ETC.
Summary, etc. Looks at the coverage of fixed and mobile networks in the UK including factors such as coverage and speed. Highlights problems customers face in rural areas and notes the increase in 4G coverage and useage. Reports on breaches of security and network failures.
590 ## - LOCAL NOTE (RLIN)
Local note KA
650 24 - SUBJECT ADDED ENTRY--TOPICAL TERM
Topical term or geographic name entry element BROADBAND
650 24 - SUBJECT ADDED ENTRY--TOPICAL TERM
Topical term or geographic name entry element INTERNET
650 24 - SUBJECT ADDED ENTRY--TOPICAL TERM
Topical term or geographic name entry element WIFI
650 24 - SUBJECT ADDED ENTRY--TOPICAL TERM
Topical term or geographic name entry element CONNECTIVITY
651 #4 - SUBJECT ADDED ENTRY--GEOGRAPHIC NAME
Geographic name United Kingdom
Chronological subdivision
690 ## - LOCAL SUBJECT ADDED ENTRY--TOPICAL TERM (OCLC, RLIN)
Topical term or geographic name as entry element Infrastructure
9 (RLIN) 6246
690 ## - LOCAL SUBJECT ADDED ENTRY--TOPICAL TERM (OCLC, RLIN)
Topical term or geographic name as entry element Utilities
9 (RLIN) 6272
856 40 - ELECTRONIC LOCATION AND ACCESS
Uniform Resource Identifier <a href="https://stakeholders.ofcom.org.uk/binaries/research/infrastructure/2015/downloads/connected_nations2015.pdf">https://stakeholders.ofcom.org.uk/binaries/research/infrastructure/2015/downloads/connected_nations2015.pdf</a>
Public note View the item free of charge from the www.stakeholders.ofcom.org.uk website
942 ## - ADDED ENTRY ELEMENTS (KOHA)
Suppress in OPAC 0
Holdings
Withdrawn status Lost status Source of classification or shelving scheme Damaged status Not for loan Home library Current library Shelving location Date acquired Total Checkouts Full call number Barcode Date last seen Copy number Price effective from Koha item type
    Dewey Decimal Classification     Virtual Virtual Online 16/12/2015   ONLINE PUBLICATION 159045-2001 06/08/2019 1 06/08/2019 Book